000 00586nam a2200229Ia 4500
005 20241216010541.0
008 180423s9999||||xx |||||||||||||| ||und||
020 _a0-03-088080-7
082 _a531
_bG25
100 _aGARTENHAUS, SOLOMON
245 0 _aFISICA I
_bMECANICA
250 _a0
260 _aMEXICO
_bINTERAMERICANA S. A.
_c1979
300 _a488 pag
_c33 cm
341 _h0
490 _v0
_a0
505 _aCANTIDADES FISICAS/CINEMATICA-BIDIMENSIONAL/LEYES DE NEWTON
541 _aC
_d22-Apr-94
650 _aCIENCIAS PURAS
856 _zCC. Puras
942 _cLIBRO
999 _c17466
_d17466